000 00970nam a2200289 a 4500
003 CBULib
005 20240131085739.0
008 180215s2016 ||||||||||||||||| || u
040 _aCBULib
_bEnglish
_cCBULib
_erda
041 _aeng
050 _aCBU-MPHIL THESIS/NGA
100 _aNg'ambi, Amos Mugala
_92413
245 1 0 _aOptimised production of quality biogas acceptable for electricity generation
_c/ by Amos Mugala Ng'ambi
260 _aKitwe :
_bCopperbelt University,
_c2016.
300 _axvi, 149 pages : illustrations
336 _2rdacontent
_aText |
_btxt
337 _2rdamedia
_aUnmediated |
_bn
338 _2rdacarrier
_aVolume
_bnc
500 _aIncludes References
650 _aGAS PRODUCERS
650 _aRENEWABLE ENERGY SOURCES--ECONOMIC ASPECTS
650 _aBIOMASS ENERGY
650 _aBIOGAS - ZAMBIA
650 _aWASTE PRODUCTS AS FUEL
942 _2lcc
_c030
999 _c52728
_d52728